00000000cam 2200000zi 4500
0019.959366
003CaOODSP
00520260129084510
006m     o  d f      
007cr bn|||||||||
008260129s2026    onc     ol   f000 0 eng d
040 |aCaOODSP|beng|erda|cCaOODSP
0410 |aeng|afre
043 |an-cn---
0861 |aXB451-19/1-PDF
1101 |aCanada. |bParliament. |bHouse of Commons, |eissuing body.
24513|aAn Act to amend the Income Tax Act = |bLoi modifiant la Loi de l’impôt sur le revenu.
24611|aLoi modifiant la Loi de l’impôt sur le revenu
2461 |iShort title: |aCanada Groceries and Essentials Benefit Act
264 1|a[Ottawa] : |bHouse of Commons of Canada = Chambre des communes du Canada, |c2026.
300 |a1 online resource (ii, 7 pages).
336 |atext|btxt|2rdacontent
337 |acomputer|bc|2rdamedia
338 |aonline resource|bcr|2rdacarrier
4901 |aBill C-... ; |vBill C-19, 1st Session, 45th Parliament
500 |a"First Session, Forty-fifth Parliament, 3-4 Charles III, 2025-2026."
500 |a"Bill C-19."
500 |a"First reading, January 28, 2026."
500 |a"Minister of Finance and National Revenue."
500 |a"91252."
520 |a"This enactment amends the Income Tax Act in order to increase the maximum annual Goods and Services Tax/Harmonized Sales Tax credit (GSTC) amounts by 50% for the 2025-2026 benefit year. It also amends that Act to increase the maximum annual GSTC amounts by 25% as of the 2026-2027 benefit year for a period of five years"--Summary, page ii.
546 |aText in English and French.
61010|aCanada. |tIncome Tax Act.
650 0|aTax credits|xLaw and legislation|zCanada.
650 5|aGoods and services tax|xLaw and legislation|zCanada.
650 0|aSales tax|xLaw and legislation|zCanada.
655 7|aLegislative bills|2lcgft
788 |tAn Act to amend the Income Tax Act = |efre|w(CaOODSP)9.959367
830#0|aBill C-...|vBill C-19, 1st Session, 45th Parliament.|w(CaOODSP)9.500659
85640|qPDF|s217 KB|uhttps://publications.gc.ca/collections/collection_2026/parl/XB451-19-1.pdf
8564 |qHTML|sN/A|uhttps://www.parl.ca/DocumentViewer/en/45-1/bill/C-19/first-reading